<?xml version='1.0' encoding='UTF-8'?><?xml-stylesheet href='static/style.xsl' type='text/xsl'?><OAI-PMH xmlns="http://www.openarchives.org/OAI/2.0/" xmlns:xsi="http://www.w3.org/2001/XMLSchema-instance" xsi:schemaLocation="http://www.openarchives.org/OAI/2.0/ http://www.openarchives.org/OAI/2.0/OAI-PMH.xsd"><responseDate>2026-04-15T19:17:25Z</responseDate><request verb="GetRecord" identifier="oai:ebiltegia.mondragon.edu:20.500.11984/13919" metadataPrefix="marc">https://ebiltegia.mondragon.edu/oai/request</request><GetRecord><record><header><identifier>oai:ebiltegia.mondragon.edu:20.500.11984/13919</identifier><datestamp>2026-01-29T08:37:06Z</datestamp><setSpec>com_20.500.11984_473</setSpec><setSpec>col_20.500.11984_478</setSpec></header><metadata><record xmlns="http://www.loc.gov/MARC21/slim" xmlns:dcterms="http://purl.org/dc/terms/" xmlns:xsi="http://www.w3.org/2001/XMLSchema-instance" xmlns:doc="http://www.lyncode.com/xoai" xsi:schemaLocation="http://www.loc.gov/MARC21/slim http://www.loc.gov/standards/marcxml/schema/MARC21slim.xsd">
   <leader>00925njm 22002777a 4500</leader>
   <datafield ind2=" " ind1=" " tag="042">
      <subfield code="a">dc</subfield>
   </datafield>
   <datafield ind2=" " ind1=" " tag="720">
      <subfield code="a">Sanjuan, Antton</subfield>
      <subfield code="e">author</subfield>
   </datafield>
   <datafield ind2=" " ind1=" " tag="720">
      <subfield code="a">Ammar, K. Ali</subfield>
      <subfield code="e">author</subfield>
   </datafield>
   <datafield ind2=" " ind1=" " tag="720">
      <subfield code="a">Hirata, S. C.</subfield>
      <subfield code="e">author</subfield>
   </datafield>
   <datafield ind2=" " ind1=" " tag="720">
      <subfield code="a">Shevtsova, Valentina</subfield>
      <subfield code="e">author</subfield>
   </datafield>
   <datafield ind2=" " ind1=" " tag="720">
      <subfield code="a">Ouarzazi, M. N.</subfield>
      <subfield code="e">author</subfield>
   </datafield>
   <datafield ind2=" " ind1=" " tag="720">
      <subfield code="a">Bou-Ali, M. Mounir</subfield>
      <subfield code="e">author</subfield>
   </datafield>
   <datafield ind2=" " ind1=" " tag="260">
      <subfield code="c">2025</subfield>
   </datafield>
   <datafield ind2=" " ind1=" " tag="520">
      <subfield code="a">This work investigates the impact of transverse confinement on the separation of binary positive liquid components in thermogravitational columns through theoretical, numerical, and experimental approaches. Using the three-dimensional parallel flow approximation, the theoretical analysis reveals that in the steady-state, the species separation increases both by the decrease in the transverse aspect ratio of the cavity (B) and by the increase in the product of the Rayleigh number (Ra) and the Lewis number (Le). In particular, we determined a specific value &#xd;
 depending on B, which marks the regime where convection overtakes vertical diffusion. In this state, the separation ratio of species obtained from three-dimensional analysis and that predicted by Furry–Jones–Onsager (FJO) theory coincides, regardless of the thermophysical properties of the mixture and the imposed temperature difference between the vertical walls. Using optical digital interferometry, experiments were carried out in thermogravitational microcolumns with transverse aspect ratios B = 5.88 and B = 1.69 for 1,2,3,4-tetrahydronaphthalene |dodecane (C12) and 1,2,3,4-tetrahydronaphthalene|isobutylbenzene mixtures (mass fraction 0.50|0.50) considering three different &#xd;
 conditions. Reasonable agreement is observed among the experimental, analytical, and numerical results. Thus, we propose a correlation law for steady-state species separation. This approach offers an alternative to the commonly used FJO theory and provides a reliable method for determining the thermodiffusion coefficient from steady-state species separation measurements.</subfield>
   </datafield>
   <datafield ind1="8" ind2=" " tag="024">
      <subfield code="a">1089-7666</subfield>
   </datafield>
   <datafield ind1="8" ind2=" " tag="024">
      <subfield code="a">https://katalogoa.mondragon.edu/janium-bin/janium_login_opac.pl?find&amp;ficha_no=189572</subfield>
   </datafield>
   <datafield ind1="8" ind2=" " tag="024">
      <subfield code="a">https://hdl.handle.net/20.500.11984/13919</subfield>
   </datafield>
   <datafield tag="653" ind2=" " ind1=" ">
      <subfield code="a">thermal diffusivity</subfield>
   </datafield>
   <datafield tag="653" ind2=" " ind1=" ">
      <subfield code="a">Thermodynamics</subfield>
   </datafield>
   <datafield ind2="0" ind1="0" tag="245">
      <subfield code="a">Steady-state species separation in transversally confined thermogravitational columns</subfield>
   </datafield>
</record></metadata></record></GetRecord></OAI-PMH>